000 00546nam a2200181 i 4500
001 50703
003 ES-MaACL
005 20251015192759.0
007 t|
008 030806s1962 sp f |||| |bspa d
100 1 _aCueco Adrián, José María.
_941971
245 1 0 _aRomeu
_b: héroe de la independencia /
_cJosé Mª Cueco Adrián.
260 _aSagunto :
_bAyuntamiento de Sagunto,
_c1962.
300 _a222 p., 7 lám. ;
_c21 cm.
600 1 7 _aRomeu, José,
_d1778-1813
_2
_9165069
852 _aES-MaACL
_jC-22467
999 _c50703
_d50703